Wypisz piosenki Zeamsone z albumu "734 GUITARS" i "734 Bonus EP" - Statystyki

Ogólne statystyki
  • Ten quiz został rozwiązany 12 razy
  • Średni wynik to 14 z 19
Statystyki odpowiedzi
Lp. Piosenka Album % Poprawnych
8 Gitara mi gra ft. Bryan, obi 734 GUITARS
100%
1 Manekiny 734 GUITARS
100%
9 Trauma 734 GUITARS
100%
14 December 734 GUITARS
86%
3 Dotknij 734 GUITARS
86%
10 MAYBACH 734 GUITARS
86%
4 Moje serce jest na bloku 734 GUITARS
86%
5 Przepraszam 734 BONUS EP
86%
5 RANCHO ft. Vitali 734 GUITARS
86%
2 Anyway Freestyle 734 BONUS EP
71%
2 Chcę Cię Kupić 734 GUITARS
71%
7 Dior ft. be vis 734 GUITARS
71%
12 DRUNK TESLA ft. BRAT 734 GUITARS
71%
6 egoistyczny 734 GUITARS
71%
13 Ostatni Dzień Wakacji ft. Siles 734 GUITARS
71%
3 Balaclava 734 BONUS EP
57%
11 Luksusowe Relacje ft. Kruzzo, Waima 734 GUITARS
57%
1 Benefit 734 BONUS EP
43%
4 Ona nie powie 734 BONUS EP
29%
Nie znaleziono quizów pasujących do podanych kryteriów
Rozkład punktacji
Procent ludzi z każdym wynikiem
Percentyl według liczby udzielonych odpowiedzi
Twoja historia wyników
Nie rozwiązałeś tego quizu